Sports Quiz

Random Sports or Numbers Quiz

Florida Panthers Team records Quiz Stats

 Plays Quiz not verified by Sporcle

Challenge
Share
Tweet
Embed
Score 0/13 Timer 06:00
0 Plays Today
Record Player % Correct
Single Season PointsPavel Bure
92.8%
GoalsOlli Jokinen
83.9%
Goalie WinsRoberto Luongo
82.8%
Single Season Goals Allowed Average (min 50 games)John Vanbiesbrouck
73.3%
Power Play GoalsScott Mellanby
71.7%
Penalty MinutesPaul Laus
47.2%
Single Season Penalty MinutesPeter Worrell
46.1%
Shorthanded GoalsRadek Dvorak
36.1%
Goals Allowed Average (min 50 games)Craig Anderson
32.8%
Games PlayedRobert Svehla
29.4%
Single Season AssistsViktor Kozlov
29.4%
Single Season Shorthanded GoalsTomas Fitzgerald
17.8%
Plus/MinusMartin Gelinas
7.2%

You're not logged in!

Compare scores with friends on all Sporcle quizzes.
Join for Free
OR
Log In

You Might Also Like...

Show Comments

Extras

Top Quizzes Today


Score Distribution

Your Account Isn't Verified!

In order to create a playlist on Sporcle, you need to verify the email address you used during registration. Go to your Sporcle Settings to finish the process.

Report this User

Report this user for behavior that violates our Community Guidelines.

Details: